000 00315nam a2200133Ia 4500
008 100328s9999 xx 000 0 und d
082 _b2149
100 _aNehru Jawaharlal
245 _aYouths Unite-I
260 _bHamara Hindostan Pub
630 _aYouths Unite-I
730 _aYouths Unite-I
942 _cBOOK
999 _c498376
_d498373